Biological Control of Pests and Weeds (Record no. 593991)

MARC details
000 -LEADER
fixed length control field 00420nam a2200145Ia 4500
008 - FIXED-LENGTH DATA ELEMENTS--GENERAL INFORMATION
fixed length control field 100415s9999 xx 000 0 und d
082 ## - DEWEY DECIMAL CLASSIFICATION NUMBER
Item number 11068
Classification number 632.96
100 ## - MAIN ENTRY--PERSONAL NAME
Personal name Samways Michael J
245 ## - TITLE STATEMENT
Title Biological Control of Pests and Weeds
260 ## - PUBLICATION, DISTRIBUTION, ETC. (IMPRINT)
Place of publication, distribution, etc LONDON
Date of publication, distribution, etc 1981
Name of publisher, distributor, etc EDWARD ARNOLD
365 ## - TRADE PRICE
Price amount 0
630 ## - SUBJECT ADDED ENTRY--UNIFORM TITLE
Uniform title Biological Control of Pests and Weeds
730 ## - ADDED ENTRY--UNIFORM TITLE
Uniform title Biological Control of Pests and Weeds
942 ## - ADDED ENTRY ELEMENTS (KOHA)
Koha item type Book
Holdings
Withdrawn status Lost status Damaged status Not for loan Home library Current library Date acquired Cost, normal purchase price Total Checkouts Full call number Barcode Date last seen Price effective from Koha item type
        Bombay Natural History Society Bombay Natural History Society 04/22/1998 0.00   632.96 11068 BNHS-11068 04/15/2010 04/15/2010 Book